000 01448cam a22002054a 4500
005 20250605163920.0
008 250528s1992 ||||||||||||||||||||||||d
035 _a14379
020 _a253207487
040 _aGR-AtMCL
_bgre
_dGR-AtMCL
_eAACR2
245 1 _aPrivatization and Literalization in the Middle East
260 _bIndiana University Press,
_c1992
300 _a246
520 _aAn international group of specialists take stock of the problems and prospects for privatization of state-run economies and other liberalization efforts in a wide range of countries throughout the Middle East and North Africa. Preface, Privatization: The Issue and Prospects and the Fears, Extra-State Actors and Privatization in Egypt, Privatization in Egypt: The Regional Dimensions, Egypt's Liberalization Experience and Its Impact on State-Owned Enterprises, Labor as an Obstacle to Privatization: The Case of Egypt, Constraints to Privatization in Turkey, Divergent Modes of Economic Liberalization in Syria and Iraq, Economic Liberalization in Oil-Exporting Countries: Iraq and Saudi Arabia, Economic and Political Liberalization in a Rentier Economy: The Case of the Hashemite Kingdom of Jordan, Breaking with Socialism: Economic Liberalization and Privatization in Algeria, Privatization and Development in Tunisia, Index.
700 1 _aHarik Iliya
_919
700 1 _aSullivan J. Dennis
_920
942 _cBK
999 _c14
_d14